| 000 | 00750cam a22002413a 4500 | ||
|---|---|---|---|
| 001 | 23267 | ||
| 003 | PGUSA | ||
| 005 | 20140828083509.0 | ||
| 008 | 071031s2007||||xxu|||||s|||||000 | eng d | ||
| 040 |
_aPGUSA _beng |
||
| 042 | _adc | ||
| 050 | 4 | _aG | |
| 100 | 1 |
_aBallantyne, R. M. _q(Robert Michael), _d1825-1894 |
|
| 245 | 1 | 4 |
_aThe Cannibal Islands : _bCaptain Cook's Adventure in the South Seas _h[electronic resource] / _cR. M. Ballantyne |
| 260 |
_bProject Gutenberg, _c2007 |
||
| 506 | _aPublic domain in the USA. | ||
| 516 | _aElectronic text | ||
| 653 | _aOceania -- Discovery and exploration | ||
| 653 | _aCook, James, 1728-1779 | ||
| 830 | 0 |
_aProject Gutenberg _v23267 |
|
| 856 | 4 | 0 | _uhttp://www.gutenberg.org/ebooks/23267 |
| 942 | _cEB | ||
| 999 |
_c252522 _d252522 |
||